Fantasy Authors by Setting Quiz Stats

Quiz Updated Jul 25, 2012

Challenge
Share
Tweet
Embed
Score 0/18 Timer 05:00
0 Plays Today
Fantasy World or Kingdom Author % Correct
Middle-earthJ.R.R. Tolkien
94.6%
NarniaC.S. Lewis
88.5%
OzL. Frank Baum
52.4%
DiscworldTerry Pratchett
41%
WesterosGeorge R.R. Martin
27.3%
EarthseaUrsula K. Le Guin
27.2%
RedwallBrian Jacques
26.6%
ArrakisFrank Herbert
25.9%
ShannaraTerry Brooks
19.7%
Fantasy World or Kingdom Author % Correct
AlagaƫsiaChristopher Paolini
17.9%
PernAnne McCaffrey
17.6%
XanthPiers Anthony
15.4%
TerabithiaKatherine Paterson
10.2%
GormenghastMervyn Peake
8.5%
MidkemiaRaymond E. Feist
6.8%
KrynnTracy Hickman and Margaret Weis
6.3%
TencendorSara Douglass
2.3%
OerthE. Gary Gygax
1.8%

You're not logged in!

Compare scores with friends on all Sporcle quizzes.
Sign Up with Email
OR
Log In

You Might Also Like...

Show Comments

Extras

Top Quizzes Today


Quiz Stats

Your Account Isn't Verified!

In order to create a playlist on Sporcle, you need to verify the email address you used during registration. Go to your Sporcle Settings to finish the process.